Rozsah a termíny zákazov BPA v styku s potravinami
Predovšetkým pre stavovce predstavuje bisfenol A vážne nebezpečenstvo. Pre svoju schopnosť nahrádzať hormón bolo jeho používanie v minulosti limitované. Od polovice roka 2026 je v styku s potravinami úplne zakázaný. Jeho náhrada je však v istých prípadoch komplikovaná, a preto boli udelené výnimky....
Saved in:
| Main Author: | |
|---|---|
| Format: | Book Chapter |
| Language: | Slovak |
| Subjects: | |
| Tags: |
No Tags, Be the first to tag this record!
|
MARC
| LEADER | 00000naa a2200000 4500 | ||
|---|---|---|---|
| 001 | 0307260 | ||
| 005 | 20250225104901.3 | ||
| 041 | 0 | |a slo | |
| 044 | |a SK | ||
| 245 | 1 | 0 | |a Rozsah a termíny zákazov BPA v styku s potravinami |c Ľubica Vargová |
| 520 | |a Predovšetkým pre stavovce predstavuje bisfenol A vážne nebezpečenstvo. Pre svoju schopnosť nahrádzať hormón bolo jeho používanie v minulosti limitované. Od polovice roka 2026 je v styku s potravinami úplne zakázaný. Jeho náhrada je však v istých prípadoch komplikovaná, a preto boli udelené výnimky. Posledný termín používania BPA v styku s potravinami v špecifických prípadoch je 20. január 2029. | ||
| 610 | 2 | 0 | |a potraviny |
| 610 | 2 | 0 | |a limity |
| 610 | 2 | 0 | |a imunita |
| 610 | 2 | 0 | |a plasty |
| 100 | 1 | |a Vargová, Ľubica | |